=LDR 00000nam 2200000 4500 =001 INLIS000000000052827 =005 20180306022559 =035 ##$$a 0010-0318000054 =007 ta =008 180306###########################0###### =020 ##$$a 978-602-262-153-9 =082 ##$$a 512.943 4 =084 ##$$a 512.943 4 ABD a =100 #$$a Abdul aziz saefudin =245 1#$$a Aljabar matriks /$c Abdul aziz saefudin =250 ##$$a cet.1 =260 ##$$a Yogyakarta :$b Graha Ilmu,$c 2014 =300 ##$$a 102. hlm. : $b ilus. ; $c 26 cm. =650 ##$$a Aljabar matriks =504 ##$$a Bibliografi : hlm. 103-104 =990 ##$$a 53175317 =990 ##$$a 53175317 =990 ##$$a 53175317 =990 ##$$a 53175317 =990 ##$$a 53175317 =990 ##$$a 21708841 =990 ##$$a 01201805317 =990 ##$$a 01201805318 =990 ##$$a 01201805319 =990 ##$$a 01201805320 =990 ##$$a 21708842 =990 ##$$a 01201805317 =990 ##$$a 01201805318 =990 ##$$a 01201805319 =990 ##$$a 21708841 =990 ##$$a 21708843 =990 ##$$a 01201805317 =990 ##$$a 01201805318 =990 ##$$a 21708842 =990 ##$$a 21708841 =990 ##$$a 21708844 =990 ##$$a 01201805317 =990 ##$$a 21708843 =990 ##$$a 21708842 =990 ##$$a 21708841 =990 ##$$a 21708845 =990 ##$$a 21708844 =990 ##$$a 21708843 =990 ##$$a 21708842 =990 ##$$a 21708841